Filters and drainage in geotechnical and environmental engineering (Record no. 1666)

000 -LEADER
fixed length control field 00607nam a22002057a 4500
001 - CONTROL NUMBER
control field 1666
003 - CONTROL NUMBER IDENTIFIER
control field BD-DhUET
008 - FIXED-LENGTH DATA ELEMENTS--GENERAL INFORMATION
fixed length control field 160404b xxu||||| |||| 00| 0 eng d
020 ## - INTERNATIONAL STANDARD BOOK NUMBER
International Standard Book Number 9058091465
040 ## - CATALOGING SOURCE
Transcribing agency 0
Modifying agency BD-DhUET
082 ## - DEWEY DECIMAL CLASSIFICATION NUMBER
Classification number 628.352
Item number INT/2000
111 ## - MAIN ENTRY--MEETING NAME
Meeting name or jurisdiction name as entry element International Conference on Geofilters 2000
245 ## - TITLE STATEMENT
Title Filters and drainage in geotechnical and environmental engineering
260 ## - PUBLICATION, DISTRIBUTION, ETC. (IMPRINT)
Place of publication, distribution, etc. Rotterdam
Name of publisher, distributor, etc. A. A. Balkema
Date of publication, distribution, etc. 2000
300 ## - PHYSICAL DESCRIPTION
Extent xi,396p.
504 ## - BIBLIOGRAPHY, ETC. NOTE
Bibliography, etc Includes bibliographies
650 #0 - SUBJECT ADDED ENTRY--TOPICAL TERM
Topical term or geographic name as entry element Filtration Geotechnical engineering - environment
700 ## - ADDED ENTRY--PERSONAL NAME
Personal name Mlynarek, Jacek
942 ## - ADDED ENTRY ELEMENTS (KOHA)
Koha item type Proceedings
Holdings
Piece designation (barcode) Date acquired Source of classification or shelving scheme Withdrawn status Sublocation or collection (holding branch) Koha full call number Copy number Koha item type Koha normalized classification for sorting Location (home branch) Damaged status Price effective from Shelving location Not for loan Koha date last seen Lost status
964902014-09-10  Central Library, BUET628.352/INT/20001Edited Book628_352000000000000_INT_2000Central Library, BUET 2014-09-10Circulation section 2014-09-10 
964912014-09-10  Central Library, BUET628.352/INT/20002Edited Book628_000000000000000_352INT2000Central Library, BUET 2014-09-10Circulation section 2014-09-10 
964922014-09-10  Central Library, BUET628.352/INT/20003Edited Book628_000000000000000_352INT2000Central Library, BUET 2014-09-10Circulation section 2014-09-10 
964892015-06-29  Central Library, BUET628.352/INT/20004Proceedings628_352000000000000_INT_2000Central Library, BUET 2015-06-29Reading section 2015-06-29 
964882015-11-08  Central Library, BUET628.352/INT/20005Proceedings628_352000000000000_INT_2000Central Library, BUET 2015-11-08Reference section 2015-11-08